Регионална библиотека "Любен Каравелов" - Русе

Лунно цвете (Запис номер 467761)

MARC детайли
000 -Лидер
Контролно поле с фиксирана дължина nam a22 a 4500
003 - Код на организацията, давaща контролен номер
Контролно поле BLK
005 - Дата и час на последна редакция
Контролно поле 20220721160002.0
008 - Елементи от данни с фиксирана дължина
fixed length control field 200625b bu |||||r|||| 00| | bu d
020 ## - Международен стандартен номер на книга ISBN
Международен стандартен номер на книга ISBN 954110021X
040 ## - Източник на каталожния запис
Идентификатор на билиотеката - собственик на записа BLK
041 ## - Код за език
Код за езика на текст/звукозапис или на отделно заглавие Български
Код за езика КДБФ Български
080 ## - УДК
Текстов определител УДК Американска литература (на САЩ)
УДК код - определител по УДК 821.111(73)
УДК определител -31
УДК - код + определител 821.111(73)-31
100 ## - Редна дума - Автор
R(LIN) 253822
Автор Кембъл, Бетани
Авторска отговорност първи автор
139 ## - Редно поле
Редна дума Кембъл, Бетани
245 ## - Сведения за заглавието
Заглавие Лунно цвете
Подзаглавни данни Роман
Редно поле (дума) Бетани Кембъл ; прев. от англ. Екатерина Кузманова.
260 ## - Област на издателските данни
9 (RLIN) 216887
Място на издаване, разпространение и проч. София
Име на издателя, разпространителя и проч. Арлекин България
Година на издаване 1992
300 ## - Физическа характеристика
Страници 154 с.
Размери/Мащаб 17 см
380 ## - Жанр
Жанр Худож. лит.
490 ## - СЕРИИ (Колекции)
9 (RLIN) 416005
Име на серия Арлекин. Романс
№: серия 12
500 ## - Общи забележки
Забележка Ориг. загл. The Lost Moon Flower / Befhany Campbell
700 ## - Други автори (авторска отговорност)
9 (RLIN) 244764
Лично име Кузманова, Екатерина
Автороска отговорност (Описва отношението между автора и произведението) прев. от англ.
852 ## - Местоположение
Форматна сигнатура Цб I 26169
Фондова буква Хранилище
999 ## - СИСТЕМНИ КОНТРОЛНИ НОМЕРА
Koha biblionumber 467761
Koha biblioitemnumber 467761
942 ## - АРТИКУЛИ
Вид на библиотечния материал Книги
Скрит в OPAC Не
Периодичен библиозапис Да
944 ## - СЪЗДАВАНЕ И РЕДАКЦИЯ на ЗАПИСА
Създаване/Редакция Създаване
Дата на регистрацията/редакция 2022-07-21
Служител, извършил регистрацията/редакцията ДГ
999 ## - СИСТЕМНИ КОНТРОЛНИ НОМЕРА
Koha biblioitemnumber 467761
Наличности
Код за отписване Код за изгубен артикул Източник на класификационната схема Код за повреда Коз за рестрикции Код за отдаване Артикулен № Име на библиотеката - собственик Име на библиотеката, в която се намира в момента Статус (Текущо местоположение) Дата на вписване в системата Местоположение - отдел Цена в лева Инвентарен номер Систематично азбучна сигнатура Баркод Цена в евро Служебен тип на артикула
  Не е изгубен Universal Decimal Classification Не е повреден само за читалня ползва се в читалня 896792 Регионална библиотека "Любен Каравелов" Русе Регионална библиотека "Любен Каравелов" Русе Хранилище 2022-07-21 Хранилище 0.53 575913 Цб I 26169 120000575913 0.27 Книги
Vip Innovations Ltd, Rousse, Bulgaria 2025